000 00254nam a22001217a 4500
008 170419b xxu||||| |||| 00| 0 eng d
041 _aeng
080 _25 ED
_a573
100 _a11
101 _aSHM
245 _aBIOLOGY
_cCAMPELL.N.A
942 _2udc
_cBK
999 _c11241
_d11241